00277 a2200121 4500001000700000020001500007040003500022100001800057240003400075245002900109300000800138362000900146156306 a8532904734 cEscola São Tomás de Aquino aAMADOR, Paulo10aRei Branco, Rainha Negralpor10aRei Branco, Rainha Negra a1910 a1990